MARC

LEADER 00000nas a2200000 a 4500
001 ssj0000494287
003 WaSeSS
005 20200512172242.0
006 m d
007 cr n
008 081103c20059999ie uu s 0 0eng c
010 |a  2011268514 
016 7 |a 2504238-5  |2 DE-600 
022 |a 2044-4567  |l 1649-7082  |y 1649-7082 
035 |a (WaSeSS)ssj0000494287 
040 |a SISMU  |b eng  |c SISMU  |d SISMU  |d HEBIS  |d OCLCQ  |d SERSO  |d OCLCQ  |d OCLCF  |d OCLCQ  |d AU@  |d WaSeSS 
042 |a pcc 
050 1 4 |a T56.4 
222 0 |a Operations management education review  |b (Online) 
245 0 0 |a Operations management education review  |h [electronic resource]. 
246 1 |a OMER 
260 |a Dublin :  |b Neilson Journals Pub. 
362 1 |a Began with vol. 1 (2005). 
506 |a License restrictions may limit access. 
515 |a None published: 2006 and 2007. 
588 |a Description based on: Vol. 1 (2005), title from journal home page (publisher's Web site, viewed July 21, 2011). 
588 |a Latest issue consulted: Vol. 5 (2011) (viewed July 21, 2011). 
650 0 |a Production management  |x Study and teaching (Higher)  |v Periodicals. 
650 0 |a Operations research  |x Study and teaching (Higher)  |v Periodicals. 
650 7 |a Operations research  |x Study and teaching (Higher)  |2 fast  |0 (OCoLC)fst01046399 
650 7 |a Production management  |x Study and teaching (Higher)  |2 fast  |0 (OCoLC)fst01078334 
655 0 |a Electronic journals. 
776 0 8 |i Print version:  |t Operations management education review  |x 1649-7082  |w (OCoLC)228041716 
856 4 0 |z Full text available from Research Library: 01/01/2009 to 01/31/2011  |u https://search.proquest.com/publication/307108